[Event "Madrid-ch Seniors 65"]
[Site "Madrid"]
[Date "2019.01.25"]
[Round "5"]
[White "Fernandez Bujarrabal, Pedro V"]
[Black "Rodriguez Agarrabeitia, Juan Antonio"]
[Result "0-1"]
[WhiteElo "1502"]
[BlackElo "1248"]
[PlyCount "89"]
[EventDate "2019.01.21"]
[EventType "swiss"]
[EventRounds "7"]
[EventCountry "ESP"]
[SourceTitle "CBM 188 Extra"]
[Source "ChessBase"]
[SourceDate "2019.02.26"]
[SourceVersion "1"]
[SourceVersionDate "2019.02.26"]
[SourceQuality "1"]

1. e4 c5 2. Nf3 Nc6 3. d4 cxd4 4. Nxd4 g6 5. Be3 Bg7 6. c3 Nf6 7. f3 0-0 8. Be2 d6 9. 0-0 Bd7 10. Nd2 a6 11. f4 e5 12. N4f3 Bg4 13. fxe5 dxe5 14. h3 Bxf3 15. Bxf3 b5 16. a3 Na5 17. Qc2 Nc4 18. Nxc4 bxc4 19. Rad1 Qb8 20. Rd2 Qb3 21. Qxb3 cxb3 22. Rd6 Ne8 23. Rd7 Nf6 24. Rd3 a5 25. Rfd1 Rfe8 26. Rd6 Rac8 27. Bg5 Re6 28. Rxe6 fxe6 29. Rd6 Kf7 30. Bd2 Ke7 31. Ra6 Rc5 32. c4 Nd7 33. Rxa5 Rc6 34. Bb4+ Kf6 35. c5 Bf8 36. Bd1 Nxc5 37. Bxc5 Bxc5+ 38. Kf1 Bd4 39. Bxb3 Bxb2 40. a4 Rc1+ 41. Ke2 Rc3 42. Bd1 Kg5 43. Rxe5+ Kf4 44. Rxe6 Re3+ 45. Kd2 0-1

[Event "Madrid-ch Seniors 65 1718"]
[Site "Madrid"]
[Date "2018.01.24"]
[Round "3"]
[White "Fernandez Bujarrabal, Pedro V"]
[Black "Rueda Maria, Ramiro"]
[Result "1/2-1/2"]
[WhiteElo "1536"]
[BlackElo "1827"]
[PlyCount "63"]
[EventDate "2018.01.22"]
[EventType "swiss"]
[EventRounds "7"]
[EventCountry "ESP"]
[SourceTitle "EXT 2020"]
[Source "ChessBase"]
[SourceDate "2019.10.17"]
[SourceVersion "1"]
[SourceVersionDate "2019.10.17"]
[SourceQuality "1"]

1. e4 e5 2. Nf3 Nc6 3. Bb5 d6 4. d4 Bd7 5. Bc4 Be7 6. 0-0 exd4 7. Nxd4 Bf6 8. Be3 Nge7 9. Nc3 0-0 10. Qd2 Ne5 11. Be2 Be6 12. Nxe6 fxe6 13. Rad1 Qe8 14. Nb5 Qc6 15. f3 Nc4 16. Bxc4 Qxc4 17. Nd4 Bxd4 18. Bxd4 e5 19. Bf2 Ng6 20. b3 Qe6 21. Qd5 Qxd5 22. exd5 Rf7 23. Rfe1 Raf8 24. Re4 Rf4 25. Rde1 a6 26. c4 b6 27. Bg3 R4f5 28. a4 a5 29. R1e2 Kf7 30. Kf2 Kf6 31. Ke1 Ke7 32. Kd2 1/2-1/2

[Event "Madrid-ch Seniors 65 1718"]
[Site "Madrid"]
[Date "2018.01.23"]
[Round "2"]
[White "Garcia Esteban, Ignacio"]
[Black "Fernandez Bujarrabal, Pedro V"]
[Result "1-0"]
[WhiteElo "1871"]
[BlackElo "1536"]
[PlyCount "83"]
[EventDate "2018.01.22"]
[EventType "swiss"]
[EventRounds "7"]
[EventCountry "ESP"]
[SourceTitle "EXT 2020"]
[Source "ChessBase"]
[SourceDate "2019.10.17"]
[SourceVersion "1"]
[SourceVersionDate "2019.10.17"]
[SourceQuality "1"]

1. e4 e5 2. Nf3 Nc6 3. Bb5 a6 4. Ba4 Nf6 5. 0-0 Be7 6. Re1 b5 7. Bb3 0-0 8. c3 d5 9. exd5 Nxd5 10. d4 exd4 11. Nxd4 Nxd4 12. Qxd4 Be6 13. Qd1 Re8 14. a4 Bg5 15. Na3 c6 16. c4 Nc7 17. Qxd8 Bxd8 18. Bf4 g5 19. Bd6 f6 20. Bxc7 Bxc7 21. Rxe6 Rxe6 22. cxb5 Kf7 23. Re1 Be5 24. Bxe6+ Kxe6 25. b6 Kd7 26. Nc4 Rb8 27. Nxe5+ fxe5 28. a5 Kd6 29. b4 Kd5 30. Rc1 h6 31. Kf1 Rc8 32. Ke2 h5 33. f3 Kd6 34. Ke3 Ke6 35. b7 Rb8 36. Rxc6+ Kd5 37. Rb6 Kc4 38. Ke4 g4 39. fxg4 hxg4 40. g3 Kc3 41. Kxe5 Kc4 42. Kd6 1-0

[Event "Madrid-ch Seniors 65"]
[Site "Madrid"]
[Date "2017.01.27"]
[Round "6"]
[White "Olano Lanchas, Dionisio"]
[Black "Fernandez Bujarrabal, Pedro V"]
[Result "1-0"]
[WhiteElo "1692"]
[BlackElo "1606"]
[PlyCount "133"]
[EventDate "2017.01.20"]
[EventType "swiss"]
[EventRounds "7"]
[EventCountry "ESP"]
[SourceTitle "CBM 176 Extra"]
[Source "ChessBase"]
[SourceDate "2017.03.02"]
[SourceVersion "1"]
[SourceVersionDate "2017.03.02"]
[SourceQuality "1"]

1. e4 e5 2. Nc3 Nf6 3. Bc4 d5 4. exd5 Bc5 5. Na4 Bd6 6. d3 a6 7. Nc3 b5 8. Bb3 Bf5 9. Bg5 Be7 10. Nge2 0-0 11. Ng3 Bg6 12. 0-0 Nbd7 13. Re1 Bd6 14. Nce4 Be7 15. Nxf6+ Bxf6 16. Bxf6 Qxf6 17. Ne4 Qb6 18. c4 Qd4 19. Qd2 Rfe8 20. Qc3 Qxc3 21. bxc3 Bxe4 22. dxe4 Nc5 23. cxb5 axb5 24. f3 Kf8 25. Red1 Red8 26. Kf2 Ke7 27. Ke3 Ra3 28. Rab1 Kd6 29. Rd2 Rda8 30. Rbb2 R8a5 31. Rbc2 f6 32. h4 h6 33. g4 Nxb3 34. axb3 Ra1 35. c4 bxc4 36. Rxc4 Rc5 37. Rxc5 Kxc5 38. Rc2+ Kd6 39. g5 Rh1 40. gxf6 gxf6 41. Rc6+ Kd7 42. Rxf6 Rxh4 43. Re6 Rh5 44. Kd3 Rh3 45. Rxe5 Rxf3+ 46. Kc4 Rf6 47. b4 c6 48. dxc6+ Rxc6+ 49. Kb5 Rc1 50. Rh5 Rc6 51. e5 Kc7 52. Rf5 Rb6+ 53. Ka5 Re6 54. b5 Kb7 55. Rf6 Rxe5 56. Rxh6 Ka7 57. Rh7+ Kb8 58. Ka6 Re1 59. Rh8+ Kc7 60. b6+ Kc6 61. Rc8+ Kd6 62. Ka7 Ra1+ 63. Kb8 Rb1 64. b7 Rb2 65. Rc1 Rb3 66. Kc8 Rh3 67. b8Q+ 1-0

[Event "Madrid-ch Seniors"]
[Site "Madrid"]
[Date "2016.01.20"]
[Round "8"]
[White "Garcia Martin, Esteban"]
[Black "Fernandez Bujarrabal, Pedro V"]
[Result "0-1"]
[WhiteElo "1894"]
[BlackElo "1582"]
[PlyCount "92"]
[EventDate "2016.01.11"]
[EventType "swiss"]
[EventRounds "9"]
[EventCountry "ESP"]
[SourceTitle "EXT 2017"]
[Source "ChessBase"]
[SourceDate "2016.10.25"]
[SourceVersion "1"]
[SourceVersionDate "2016.10.25"]
[SourceQuality "1"]

1. c4 Nf6 2. Nc3 e5 3. g3 d5 4. cxd5 Nxd5 5. Bg2 Be6 6. Nf3 f6 7. 0-0 Be7 8. e4 Nxc3 9. bxc3 c6 10. d4 exd4 11. cxd4 0-0 12. Qc2 Na6 13. a3 Nc7 14. Bb2 Qd7 15. Rfd1 Rac8 16. Nh4 g6 17. f4 Kg7 18. Nf3 Qe8 19. h4 Qf7 20. Qf2 a6 21. Kh2 Rcd8 22. Rd2 Rd7 23. d5 cxd5 24. Ng5 Qg8 25. Nxe6+ Nxe6 26. exd5 Nc7 27. Rad1 Rfd8 28. Qf3 Bd6 29. f5 Rf7 30. fxg6 hxg6 31. Bh3 Qh8 32. Kg2 Qe8 33. Re2 Qa4 34. Rf1 Ne8 35. Re6 Qb5 36. Bxf6+ Nxf6 37. Rxf6 Qb2+ 38. Kh1 Rxf6 39. Qd3 Rxf1+ 40. Bxf1 Qe5 41. Kg2 Rf8 42. h5 Qxg3+ 43. Qxg3 Bxg3 44. Bd3 Bd6 45. hxg6 Bxa3 46. Be4 b5 0-1

[Event "Madrid-ch Seniors"]
[Site "Madrid"]
[Date "2016.01.14"]
[Round "4"]
[White "Fernandez Bujarrabal, Pedro V"]
[Black "Camarero Izquierdo, Juan Carlos"]
[Result "0-1"]
[WhiteElo "1582"]
[BlackElo "1861"]
[PlyCount "158"]
[EventDate "2016.01.11"]
[EventType "swiss"]
[EventRounds "9"]
[EventCountry "ESP"]
[SourceTitle "EXT 2017"]
[Source "ChessBase"]
[SourceDate "2016.10.25"]
[SourceVersion "1"]
[SourceVersionDate "2016.10.25"]
[SourceQuality "1"]

1. e4 c5 2. d4 cxd4 3. Nf3 d6 4. Nxd4 Nf6 5. Nc3 a6 6. Be3 e6 7. f4 Nbd7 8. Be2 Qc7 9. Qd2 b5 10. a3 Bb7 11. Bf3 Rc8 12. Rc1 Nb6 13. Qd3 Nc4 14. Nd1 d5 15. exd5 Bxd5 16. Bxd5 Nxd5 17. Bd2 Nxf4 18. Qe4 Nxd2 19. Kxd2 Bc5 20. Ke1 0-0 21. Rf1 Bxd4 22. Rxf4 e5 23. Rh4 f5 24. Qd5+ Kh8 25. c3 Qe7 26. Rh3 Qg5 27. Rc2 f4 28. Nf2 Bxf2+ 29. Rxf2 Rcd8 30. Qe4 h6 31. Rd3 Rxd3 32. Qxd3 Rd8 33. Qc2 Qg4 34. Rd2 Qh4+ 35. Kf1 Rxd2 36. Qxd2 Qxh2 37. Qd8+ Kh7 38. Qd3+ Kg8 39. Qd5+ Kf8 40. Qxe5 Qh1+ 41. Kf2 Qh4+ 42. Kf1 Qh1+ 43. Kf2 Qc1 44. Qd6+ Kf7 45. Qd5+ Kf6 46. Qd6+ Kg5 47. Qe7+ Kh5 48. Qe2+ Kh4 49. a4 bxa4 50. g3+ fxg3+ 51. Kg2 Qf4 52. c4 Kg5 53. Qe7+ Kf5 54. Qf7+ Ke4 55. Qe6+ Kd3 56. Qd5+ Qd4 57. Qf3+ Kxc4 58. Qe2+ Kb3 59. Qe6+ Kxb2 60. Qe2+ Ka1 61. Qe1+ Ka2 62. Qe6+ Ka3 63. Qe7+ Qb4 64. Qe3+ Qb3 65. Qe7+ Ka2 66. Qe8 h5 67. Kh3 g2+ 68. Kxg2 Qd5+ 69. Kh3 Qf5+ 70. Kh2 Qf4+ 71. Kh1 g5 72. Qe2+ Kb1 73. Qd3+ Kc1 74. Qc3+ Kd1 75. Qa1+ Ke2 76. Qa2+ Ke1 77. Qb1+ Kf2 78. Qc2+ Kg3 79. Qc3+ Qf3+ 0-1

[Event "ESP-ch Veterans"]
[Site "Madrid"]
[Date "2010.02.18"]
[Round "9"]
[White "Fernandez Bujarrabal, Pedro V"]
[Black "Rodriguez Lopez, Canizares Francisco"]
[Result "1-0"]
[WhiteElo "1804"]
[BlackElo "1699"]
[PlyCount "63"]
[EventDate "2010.02.08"]
[EventType "swiss"]
[EventRounds "9"]
[EventCountry "ESP"]
[SourceTitle "CBM 134 Extra"]
[Source "ChessBase"]
[SourceDate "2010.03.03"]
[SourceVersion "1"]
[SourceVersionDate "2010.03.03"]
[SourceQuality "1"]

1. e4 Nf6 2. Nc3 d5 3. exd5 Nxd5 4. Nxd5 Qxd5 5. Qf3 Qc5 6. c3 Nc6 7. d4 Qf5 8. Bd3 Qxf3 9. Nxf3 Bg4 10. Be2 e6 11. h3 Bh5 12. Bf4 Bd6 13. Bh2 0-0 14. Kd2 Ne7 15. g4 Bg6 16. Rae1 Rfe8 17. Bf1 Bxh2 18. Rxh2 Nd5 19. Ne5 Ne7 20. h4 h6 21. Nxg6 Nxg6 22. g5 e5 23. dxe5 Nxe5 24. Kc2 Nf3 25. Rxe8+ Rxe8 26. Rh3 Ng1 27. Rd3 hxg5 28. hxg5 Re1 29. Rd8+ Kh7 30. Bd3+ g6 31. Rd7 Kg7 32. Bc4 1-0

[Event "ESP-ch Veterans"]
[Site "Madrid"]
[Date "2010.02.10"]
[Round "3"]
[White "Fernandez Bujarrabal, Pedro V"]
[Black "Pardo Robles, Jose Manuel"]
[Result "1/2-1/2"]
[WhiteElo "1804"]
[BlackElo "1888"]
[PlyCount "79"]
[EventDate "2010.02.08"]
[EventType "swiss"]
[EventRounds "9"]
[EventCountry "ESP"]
[SourceTitle "CBM 134 Extra"]
[Source "ChessBase"]
[SourceDate "2010.03.03"]
[SourceVersion "1"]
[SourceVersionDate "2010.03.03"]
[SourceQuality "1"]

1. e4 c5 2. Nf3 d6 3. d4 cxd4 4. Nxd4 Nf6 5. Nc3 g6 6. Be3 Bg7 7. Be2 0-0 8. 0-0 Nc6 9. a3 Nxd4 10. Bxd4 Be6 11. f4 Rc8 12. Bxa7 b6 13. e5 Ne8 14. Qd4 dxe5 15. Qxd8 Rxd8 16. Rad1 Nd6 17. Nd5 Bxd5 18. Rxd5 Nc8 19. Rxd8 Rxd8 20. Bb8 exf4 21. Bxf4 Bxb2 22. a4 Bd4+ 23. Kh1 Nd6 24. Bd3 e5 25. Bh6 f5 26. Bg5 Ra8 27. Be7 Bc5 28. Bxd6 Bxd6 29. Bb5 Kf7 30. Rd1 Ke7 31. g3 Rc8 32. c4 g5 33. Kg2 e4 34. Re1 h5 35. h3 Rd8 36. g4 hxg4 37. hxg4 Ke6 38. gxf5+ Kxf5 39. Bc6 Bc5 40. Bxe4+ 1/2-1/2